000 00848nas0a22002171i 4500
001 v19\rc\2052370
005 20240723113500.0
035 _a(NLR Aleph) 005130881
090 _a4707735
_c4707735
100 _a20081111b19071909|||y0rusy50 ca
101 0 _arus
102 _aRU
105 _ay z |||||
200 1 _aПрофессиональный вестник
210 _aСанкт-Петербург
_cА.А. Исаев
_d1907-1909
300 _aВыходит взамен журн. "Профессиональный союз"
801 0 _aRU
_bNLR
_gpsbo
801 1 _aRU
_bProSoft-M
_2rusmarc
830 _aПеречень имеющихся в библиотеке томов, номеров, годов этого издания смотри в каталоге периодических изданий
852 _aNLR
_j3/2217
942 _cSE